Piccio - Giovanni Carnovali detto il (Record n. 77231)
[ formato base ]
| 000 -LEADER | |
|---|---|
| fixed length control field | 02304nam a2200313Ia 4500 |
| 001 - CONTROL NUMBER | |
| control field | K0304 |
| 003 - CONTROL NUMBER IDENTIFIER | |
| control field | IT-RoPAU |
| 008 - FIXED-LENGTH DATA ELEMENTS--GENERAL INFORMATION | |
| fixed length control field | 130308s9999 xx 000 0 und d |
| 040 ## - CATALOGING SOURCE | |
| Original cataloging agency | IT-RoPAU |
| 040 ## - CATALOGING SOURCE | |
| Transcribing agency | IT-RoPAU |
| 041 ## - LANGUAGE CODE | |
| Language code of text/sound track or separate title | ITALIANO |
| 100 ## - MAIN ENTRY--PERSONAL NAME | |
| Personal name | Rossi Francesco |
| 100 ## - MAIN ENTRY--PERSONAL NAME | |
| Miscellaneous information | Codice Aut. SPICS: 59581 |
| 245 ## - TITLE STATEMENT | |
| Title | Piccio - Giovanni Carnovali detto il |
| 245 ## - TITLE STATEMENT | |
| Remainder of title | Piccio - Giovanni Carnovali Detto Il |
| 250 ## - EDITION STATEMENT | |
| Edition statement | 1a ed. |
| 260 ## - PUBLICATION, DISTRIBUTION, ETC. (IMPRINT) | |
| Place of publication, distribution, etc. | MILANO |
| 260 ## - PUBLICATION, DISTRIBUTION, ETC. (IMPRINT) | |
| Name of publisher, distributor, etc. | Electa |
| 260 ## - PUBLICATION, DISTRIBUTION, ETC. (IMPRINT) | |
| Date of publication, distribution, etc. | 1974 [1° Ed.:1974 - Ed.Ling.Originale:1974] |
| 300 ## - PHYSICAL DESCRIPTION | |
| Extent | "186 p. (prefazione: no ; testo: 186 [pagine: 0-0])" |
| 500 ## - GENERAL NOTE | |
| General note | "Mostra Tenutasi a Bergamo, palazzo della Ragione 14 settembre 10 Novembre 1974. presentazione di G. Pezzotta. fortuna Critica del Piccio di M. Valsecchi. Bibliografia. Catalogo Opere. 133 Illustrazioni in bianco e Nero e Colori: nudo D'Accademia; Autoritratto; ritratto di Carlo Landriani; ritratto di Giacomo Quarenghi; ritratto di Giovanni Maironi da Ponte; ritratto di Giovanni Beltrami; ritratti Vari; Morte di Aminta; Angelica e Medoro; paesaggio con Fiume; Madonna col Bambino; Ripudio di Agar; Bagnante; fuga in Egitto; paesaggio Dai Grandi Alberi; Arianna Abbandonata; veduta di Firenze; Madonna in Estasi; Modella; David placa Saul col Canto; Eros e Psiche; tre Angeli in Casa di Abramo; Salmace e Ermafrodito; Angelica e Medoro; Rinaldo e Armida; Olocausto di Noe'; Crocifissione; Battesimo di Cristo; Susanna e Vecchioni; Agar nel Deserto; incontro di Rachele e Giacobbe; Morte di Virginia; lungo Adda; Lot e Figlie; Apollo e Marsia; Arianna Consolata da Bacco; giudizio di Paride; Riposo nella fuga in Egitto; Nozze Mistiche di S. Caterina; paesaggio a Brembate Sotto; Mattino Alle Prealpi; Maddalena; Mose' Salvato Dalle Acque; Diana e Atteone; Bagnante; Adorazione Vitello D'Oro; cavalli All'Abbeveraggio; presentazione al Tempio; veduta di Verona; veduta di Val D'Astino. Pittori: Francesco Coghetti; Enrico Scuri; Giacomo Trecourt. D" |
| 650 ## - SUBJECT ADDED ENTRY--TOPICAL TERM | |
| Topical term or geographic name as entry element | AUTORI/OPERE DI PITTURA |
| 650 ## - SUBJECT ADDED ENTRY--TOPICAL TERM | |
| Relator term | Codice materia Spics: 5207 |
| 700 ## - ADDED ENTRY--PERSONAL NAME | |
| Personal name | Lorenzelli Bruno |
| 700 ## - ADDED ENTRY--PERSONAL NAME | |
| Miscellaneous information | Codice Aut. SPICS: 60125 |
| 942 ## - ADDED ENTRY ELEMENTS (KOHA) | |
| Koha item type | LIBRO |
| 957 ## - | |
| -- | 1 |
| 999 ## - SYSTEM CONTROL NUMBERS (KOHA) | |
| -- | 1 |
| Withdrawn status | Lost status | Damaged status | Not for loan | Home library | Current library | Date acquired | Total Checkouts | Full call number | Date last seen | Price effective from | Koha item type | Public note |
|---|---|---|---|---|---|---|---|---|---|---|---|---|
| Buone Condizioni | Not For Loan | SPICS-MEDIATECA | SPICS-MEDIATECA | 08/03/2013 | K0304 | 08/03/2013 | 08/03/2013 | LIBRO | Progressivo inserimento: 24429 / N. Volumi: 1 Copie: 1 / data import: 1 marzo 2013 - By Epidotti, Trombetti, Vaglietti. |